Evidence MVS na osobních počítačích

Bibliographic Details
Main Author: Brázdová, Ema (Author)
Format: Article
Language:Slovak
Subjects:

MARC

LEADER 00000nab a2200000 a 4500
001 vtls000414374
003 SK-MaSNL
005 20260303102100.0
008 230120c1991 xo 0 slo
015 |a SNBRB19rr/mm-uuuuu 
035 |a CL0414499 
035 |a urn:nbn:sk:snk-abblp3 
035 |a (urnnbn)urn:nbn:sk:snk:ar-004pb7 
035 |a (uuid)76bb1700-0335-497c-8b5f-a4e33aa5a813 
040 |a SNKBUCL  |b slo  |c SNKBUCL  |e AACR2 
041 0 |a slo 
044 |a xo  |c SK 
080 |a 024.68:681.3  |2 1981 
080 |a 681.3  |2 1981 
100 1 |a Brázdová, Ema  |4 aut  |9 1114772 
245 1 0 |a Evidence MVS na osobních počítačích  |c Ema Brázdová 
650 0 7 |a MVS (medziknižničná výpožičná služba)  |2 snkbucl  |9 950052 
650 0 7 |a osobné počítače  |2 snkbucl  |9 960 
655 7 |a články z novín a časopisov  |2 snkbucl  |9 267496 
655 7 |a články z odboru knihovníctvo  |2 snkbucl  |9 166141 
773 0 |t Knižnice a vedecké informácie  |g Roč. 23, č. 2 (1991), s. 72-74 
850 |a Slovenská národná knižnica v Martine  |a MTA001 
852 |a SNK  |b KIS3GCP 
954 |a odborná, vedecká literatúra pôvodná (slovenská)  |2 lita 
958 |a RK 
958 |a KL 
958 |a OND 
958 |a EUIPO 
958 |a article15 
992 |a RBX 
999 |c 1840898  |d 1842828